000 01126nam a22003257a 4500
001 BR8501714
003 BR-BrBNA
005 20230928092127.0
007 ta
008 230509b bl.||||| |||| 00| 0 por d
040 _aBR-BrBNA
_bpor
_cBiblioteca Nacional de Agricultura
041 _a(Por)
072 _aP33; F04; F61
_b1440
_b/G514
090 _ 1440 BR8501714
100 1 _aBallestero, S.D.
110 1 _aEscola Superior de Agricultura Luiz de Queiroz, Piracicaba, SP (Brasil)
_0Tese (Mestre em Agronomia)
245 1 _aRelacoes entre densidade e umidade em terra compactada e agregada, efeitos na porosidade e no feijoeiro (Vigna unguiculata (L.)walp, cv IPEAN,V,69)[podzolico vermelho amarelo, Brasil]
260 3 _aPiracicaba, SP (Brasil):
_c1984.
300 _a94 p.
500 _a5 illus.; 12 tables; 47 ref.; Summaries (Eng, Por)
650 _aFEIJAO DE CORDA
650 _aCOMPACTACAO DO SOLO
650 _aPOROSIDADE
650 _aADUBACAO
650 _aUMIDADE DO SOLO
650 _aPODZOLICO VERMELHO AMARELO
650 _aSAO PAULO
909 _a202309
_bLucia
_c55
_dLucia Elande
942 _cBK
999 _c37273
_d37273